000 01307nam a2200361 i 4500
001 000008504
003 DO-SdBNP
005 20241121104627.0
007 ta
008 090917s2000 dr r 000 p spa d
020 _a8489752559
040 _aDO-SdBNP
_bspa
_cBNPHU
_erda
041 _aspa
082 4 _aRD863.4
_bV864zR
_222
100 1 _aVizardi, Ligio,
_d1895-1968
_eautor
_4aut.
_937744
245 1 0 _aNovelas y cuentos /
_cLigio Vizardi ; estudio, Manuel Rueda ; edición al cuidado, Andrés Blanco Díaz.
264 4 _aSanto Domingo :
_bEditora Corripio,
_c2000.
300 _a323 páginas :
_bilustraciones ;
_c23 cm.
336 _atexto
_btxt
_2rdacontent
337 _asin mediación
_bn
_2rdamedia
338 _avolumen
_bnc
_2rdacarrier
490 0 _aBiblioteca clásicos dominicanos ;
_v30
500 _aIncluye referencias bibliográficas y notas al pie de las páginas.
590 _aInventariado, 2023/BT
600 1 4 _aVizardi, Ligio,
_d1895-1968
_xCrítica e interpretación
_937744
650 4 _aNovela dominicana
_9223
650 4 _aCuentos dominicanos
_9176
650 4 _aLiteratura dominicana.
_967
700 1 _aRueda, Manuel,
_d1921-1999
_eestudio
_922834
700 1 _aBlanco Díaz, Andrés,
_eeditor
_4ed.
_9172
910 _aValidado. Control de calidad. MFF
942 _2ddc
_cLBS1
999 _c8275
_d8275